Score 0/120 Timer 02:00
12 Plays Today
Year State % Correct
1910New York
99.3%
1920New York
99.3%
1930New York
99.3%
1940New York
99.3%
1950New York
99.3%
1960New York
99.3%
1970New York
99.3%
1980New York
99.3%
1990New York
99.3%
2000New York
99.3%
1900New York
99.3%
1890New York
99.3%
1920California
98.6%
1930California
98.6%
1960California
98.6%
1980California
98.6%
1990California
98.6%
2000California
98.6%
1940California
98.6%
1950California
98.6%
1970California
98.6%
1910Texas
96.1%
1920Texas
96.1%
1930Texas
96.1%
1940Texas
96.1%
1950Texas
96.1%
1960Texas
96.1%
1970Texas
96.1%
1980Texas
96.1%
1900Texas
96.1%
1890Texas
96.1%
1990Texas
96.1%
2000Texas
96.1%
1960Florida
94%
1970Florida
94%
1980Florida
94%
1990Florida
94%
2000Florida
94%
1910Pennsylvania
85.8%
1920Pennsylvania
85.8%
Year State % Correct
1930Pennsylvania
85.8%
1940Pennsylvania
85.8%
1950Pennsylvania
85.8%
1960Pennsylvania
85.8%
1970Pennsylvania
85.8%
1980Pennsylvania
85.8%
1990Pennsylvania
85.8%
2000Pennsylvania
85.8%
1900Pennsylvania
85.8%
1890Pennsylvania
85.8%
1900Illinois
83.9%
1890Illinois
83.9%
1910Illinois
83.9%
1920Illinois
83.9%
1930Illinois
83.9%
1940Illinois
83.9%
1950Illinois
83.9%
1960Illinois
83.9%
1970Illinois
83.9%
1980Illinois
83.9%
1990Illinois
83.9%
2000Illinois
83.9%
1910Ohio
82.5%
1920Ohio
82.5%
1930Ohio
82.5%
1940Ohio
82.5%
1950Ohio
82.5%
1960Ohio
82.5%
1980Ohio
82.5%
1990Ohio
82.5%
2000Ohio
82.5%
1900Ohio
82.5%
1890Ohio
82.5%
1970Ohio
82.4%
1910Georgia
79.3%
2000Georgia
79.3%
1910Massachusetts
76.6%
1920Massachusetts
76.6%
1930Massachusetts
76.6%
1940Massachusetts
76.6%
Year State % Correct
1950Massachusetts
76.6%
1960Massachusetts
76.6%
1970Massachusetts
76.6%
1900Massachusetts
76.6%
1890Massachusetts
76.6%
1910Michigan
75.9%
1920Michigan
75.9%
1930Michigan
75.9%
1940Michigan
75.9%
1950Michigan
75.9%
1960Michigan
75.9%
1970Michigan
75.9%
1980Michigan
75.9%
1990Michigan
75.9%
2000Michigan
75.9%
1900Michigan
75.9%
1890Michigan
75.9%
1920New Jersey
71.4%
1930New Jersey
71.4%
1940New Jersey
71.4%
1950New Jersey
71.4%
1960New Jersey
71.4%
1970New Jersey
71.4%
1980New Jersey
71.4%
1990New Jersey
71.4%
2000New Jersey
71.4%
1950North Carolina
69.3%
1980North Carolina
69.3%
1990North Carolina
69.3%
1910Indiana
63.7%
1900Indiana
63.7%
1890Indiana
63.7%
1910Missouri
53.3%
1920Missouri
53.3%
1930Missouri
53.3%
1940Missouri
53.3%
1900Missouri
53.3%
1890Missouri
53.3%
1900Iowa
33.5%
1890Iowa
33.5%
Come Together.
Have Fun.
All Virtual.
We all need to come together. Play Sporcle's virtual live trivia to have fun, connect with people, and get your trivia on. Join a live hosted trivia game for your favorite pub trivia experience done virtually. If a virtual private party is more your thing, go here for details.

You're not logged in!

Compare scores with friends on all Sporcle quizzes.
OR
Log In

Sporcle TV

Today on Sporcle TV


Watch our educational content, quiz creation guides, and fun videos on Sporcle TV.

Show Comments

Extras

Top Quizzes Today


Score Distribution

Paid Content

Your Account Isn't Verified!

In order to create a playlist on Sporcle, you need to verify the email address you used during registration. Go to your Sporcle Settings to finish the process.

Report this User

Report this user for behavior that violates our Community Guidelines.

Details: